Nazriya e Pakistan or Quran (Record no. 565197)

000 -LEADER
fixed length control field 00283nam a2200109Ia 4500
008 - FIXED-LENGTH DATA ELEMENTS--GENERAL INFORMATION
fixed length control field 210430s9999 xx 000 0 und d
082 ## - DEWEY DECIMAL CLASSIFICATION NUMBER
Classification number 954.91 N253H
100 ## - MAIN ENTRY--PERSONAL NAME
Personal name Dr. Inam Ul Haq
9 (RLIN) 54574
245 ## - TITLE STATEMENT
Title Nazriya e Pakistan or Quran
Statement of responsibility, etc. Dr. Inam Ul Haq
300 ## - PHYSICAL DESCRIPTION
Extent 240
942 ## - ADDED ENTRY ELEMENTS (KOHA)
Koha item type Book
Source of classification or shelving scheme
Holdings
Withdrawn status Lost status Damaged status Not for loan Collection code Permanent Location Current Location Shelving location Date acquired Total Checkouts Full call number Barcode Date last seen Price effective from Koha item type
          School of Chemical & Materials Engineering (SCME) School of Chemical & Materials Engineering (SCME) General Stacks 06/15/4   954.91 N253H SCME-4486 04/30/2021 04/30/2021 Book
© 2023 Central Library, National University of Sciences and Technology. All Rights Reserved.